000 00600nam a2200193Ia 4500
003 GCL
008 140319s9999 xx 000 0 ara d
040 _aGCL /
_cGCL
082 0 4 _a016.41
_bم م
100 1 _aمحمد ماهر حمادة
245 1 0 _aالمصادر العربية والمعربة /
_cمحمد ماهر حمادة
260 _a[S.N] :
_bمؤسسة الرسالة ،
_c1986
300 _a334 ص
490 _a
650 0 4 _aاللغة العربية
650 0 4 _aالببليوجرافيات الموضوعية
650 0 4 _aالببليوجرافيات
942 _2ddc
_cBK
999 _c35082
_d35082